000 00527nam a2200169Ia 4500
008 110201s9999 xx 000 0 und d
082 _bB680
_aK 500
100 _aमंगेशकर गीता
245 _aअभिलाषा
260 _bबांदोडकर पब्लिशिंग हाउस
365 _b30
600 _aमंगेशकर गीता
630 _aअभिलाषा
700 _aमंगेशकर गीता
730 _aअभिलाषा
942 _cBOOK
999 _c828110
_d828107